000 00346nam a2200145Ia 4500
008 230917s9999||||xx |||||||||||||| ||und||
040 _e102538
_aMAIN
041 _aEnglish
082 _a658.3 S64H
100 _aSingh, N K
245 0 _aHuman resource management
260 _aNew Delhi
_bExcel books
_c2003
300 _a242 p.
942 _cBK
999 _c111130
_d111130